| 000 | 004620000a22001930004500 | ||
|---|---|---|---|
| 001 | 004161 | ||
| 003 | MACL | ||
| 005 | 20150823154807.0 | ||
| 008 | 150823b xxu||||| |||| 00| 0 eng d | ||
| 040 |
_aMACL _cMACL |
||
| 041 | _aEnglish | ||
| 082 | _a657/DAS | ||
| 100 |
_aDas, Kumar Sisir _97167 |
||
| 245 |
_aSahibs And Munshis _cKumar Sisir Das |
||
| 260 |
_aCalcutta _c2001 _bPapyrus, |
||
| 350 | _a200 | ||
| 650 |
_aManagement _97168 |
||
| 942 |
_k657 _cBK _2ddc |
||
| 999 |
_c16052 _d16052 |
||